01019nas a2200253Ia 4500001001100000003000900011008004100020040001300061040001300074041001300087100004300100210001900143222001900162245007500181250001100256260002400267501008600291300001900377362002200396500026000418650004300678700001500721700002900736R131/45253IT-RoPAU151124c99999999xx |||||||||||| ||und|| aIT-RoPAU cIT-RoPAU aFRANCESE aMusso PierregCodice Aut. SPICS: 17552 aMEDIASPOUVOIRS aMediaspouvoirs aMEDIASPOUVOIRS, N.02 (MARZO 1986)bAudiovisuel: Le Laboratoire Italien a1a ed. aPARISbBAYARDc1986 bPaulus - SPICS - Società San Paolo EM (non-commercial uses only)cCopyright2015 a9 p. [101-109] aN.02 (MARZO 1986) aLaboratorio Italiano dell'Audiovisivo. Decennio di Non Regolamentazione 1975/1985: Stagione di Transizione. Quattro Tendenze del Compromesso. Transfert di Competenze. Oggi un Certo Equilibrio tra Servizio Pubblico (Rai) e Privato (Berlusconi). Emergenza  aCOMUNICAZIONEvPUBBLICAZIONE PERIODICA aPineau Guy gCodice Aut. SPICS: 17553